Fondamenti di diritto contrattuale europeo. Dalle radici romane al progetto dei Principles of European Contract Law della Commissione Lando. Materiali e commento.

Guardat en:
Dades bibliogràfiques
Altres autors: Luchetti, Giovanni (Editor), Petrucci, Aldo (Editor)
Format: Llibre
Publicat: Bologna, Italia: Patron Editore, 2006.
Edició:Prima edizione.
Col·lecció:Parerga historiae et iuris: manuali e approfondimenti di storia giuridica, economica e sociale,
Matèries:
Etiquetes: Afegir etiqueta
Sense etiquetes, Sigues el primer a etiquetar aquest registre!

MARC

LEADER 00000nam a22000007a 4500
003 CL-VaPUC
005 20250326153653.0
008 220715t2006 ||||| |||| 00| 0 eng d
999 |c 437135  |d 437133 
020 |a 9788855529006 
040 |c Pontificia Universidad Católica de Valparaíso 
082 7 |a 341.750614 LUC 2006  |2 22 
100 1 |a Luchetti, Giovanni  |e editor  |9 873058 
245 |a Fondamenti di diritto contrattuale europeo.  |b Dalle radici romane al progetto dei Principles of European Contract Law della Commissione Lando. Materiali e commento. 
250 |a Prima edizione. 
260 |a Bologna, Italia:   |b Patron Editore,   |c 2006. 
300 |a 501 páginas. 
490 |a Parerga historiae et iuris: manuali e approfondimenti di storia giuridica, economica e sociale,  |n  1. 
500 |a c.1 Donación Familia Prof. Alejandro Guzmán Brito. 
583 |c 20220715  |k Catalogador Asistente 
650 |a Contratos  |x Derecho comunitario  |9 873324 
650 0 |a Contratos (Derecho romano)  |9 872236 
650 |a Contratos   |x Derecho Internacional Privado.  |9 873325 
700 |a Petrucci, Aldo   |e editor  |9 873059 
942 |2 ddc  |c BK  |n 0 
952 |0 0  |1 0  |2 ddc  |4 0  |6 341_750614000000000_LUC_2006  |7 1  |8 C_AGB  |9 584884  |a BIBDER  |b BIBDER  |d 2022-07-15  |e Donación  |i 5652993  |o 341.750614 LUC 2006  |p 5652993  |r 2023-01-25  |t 1  |w 2022-07-15  |y BK_US  |k AGB